00773pam a2200253 a 4500001000800000005001700008008004100025010001700066020003200083040001800115041000800133042000900141043001200150080001900162082002300181100000700204101000800211245004400219504006400263906004500327942001200372999001700384952011800401252301920180214051042.0930114s1994 nyua j b 001 0 eng  a 93016161  a019508084X (acidfree paper) aDLCcDLCdDLC aeng alcac an-us--- a305.40973 Tyl00a305.40973 Tyl2201 a16 ahis10aPushing the limits :cElaine Tyler May. aIncludes bibliographical references (p. 138-140) and index. a7bcbccorignewd1eocipf19gy-gencatlg 2ddccBK c42488d42488 00102udc40708PËKGa002b002cPËKGd2018-02-14l0o305.40973 Tylp002-2998156r2018-02-14w2018-02-14yBK